| 000 | 00714nam a2200193Ia 4500 | ||
|---|---|---|---|
| 005 | 20260429112247.0 | ||
| 008 | 260429s9999||||xx |||||||||||||| ||und|| | ||
| 020 | _a9789389127621 | ||
| 041 | _aHindi | ||
| 082 |
_a491.43 _bSNE |
||
| 100 | _aस्नेही, सत्यनारायण | ||
| 245 | 0 |
_aतकनीकी युग में भाषा और साहित्य / _cसत्यनारायण स्नेही |
|
| 250 | _a1st ed. | ||
| 260 |
_aनई दिल्ली : _bप्रकाशन संस्थान, _c2021. |
||
| 300 | _axiii, 224 p.; Hb | ||
| 650 | _aहिंदी भाषा | ||
| 700 | _a सिंह, वीरेन्द्र | ||
| 942 | _cTB | ||
| 999 |
_c53178 _d53178 |
||